[Event "Pohár města Říčany 2018"]
[Site "Městské kulturní středisko U labutě"]
[Date "2019.08.28"]
[Round "6.1"]
[White "Mladek, Richard"]
[Black "Vojta, Tomas"]
[Result "1/2-1/2"]
[WhiteElo "2266"]
[BlackElo "2363"]
[PlyCount "0"]
[EventDate "2019.08.24"]

1. e4 {[%clk 01:30:57]} {[%emt 00:00:01]} c6 {[%clk 01:30:49]} {[%emt
00:00:11]} 2. d4 {[%clk 01:31:23]} {[%emt 00:00:05]} d5 {[%clk 01:31:15]}
{[%emt 00:00:04]} 3. e5 {[%clk 01:31:50]} {[%emt 00:00:03]} Qb6 {[%clk
01:31:36]} {[%emt 00:00:08]} 4. Nc3 {[%clk 01:28:56]} {[%emt 00:03:24]} Bf5
{[%clk 01:31:09]} {[%emt 00:00:57]} 5. g4 {[%clk 01:14:02]} {[%emt 00:15:25]}
Bd7 {[%clk 01:31:01]} {[%emt 00:00:37]} 6. a3 {[%clk 01:08:56]} {[%emt
00:05:36]} e6 {[%clk 01:27:19]} {[%emt 00:04:12]} 7. Na4 {[%clk 01:04:29]}
{[%emt 00:04:58]} Qc7 {[%clk 01:25:40]} {[%emt 00:02:08]} 8. Nf3 {[%clk
01:01:58]} {[%emt 00:03:01]} h5 {[%clk 01:23:05]} {[%emt 00:03:05]} 9. gxh5
{[%clk 01:01:28]} {[%emt 00:01:00]} Nh6 {[%clk 01:21:27]} {[%emt 00:02:07]} 10.
Bh3 {[%clk 00:54:00]} {[%emt 00:07:58]} b6 {[%clk 01:18:43]} {[%emt 00:03:15]}
11. c3 {[%clk 00:49:30]} {[%emt 00:05:00]} c5 {[%clk 01:14:21]} {[%emt
00:04:52]} 12. O-O {[%clk 00:40:25]} {[%emt 00:09:35]} c4 {[%clk 01:09:29]}
{[%emt 00:05:22]} 13. b4 {[%clk 00:39:03]} {[%emt 00:01:52]} cxb3 {[%clk
01:07:26]} {[%emt 00:02:33]} 14. Qxb3 {[%clk 00:39:31]} {[%emt 00:00:02]} Nc6
{[%clk 01:07:28]} {[%emt 00:00:28]} 15. Nb2 {[%clk 00:35:49]} {[%emt 00:04:13]}
Na5 {[%clk 01:05:34]} {[%emt 00:02:24]} 16. Qc2 {[%clk 00:36:18]} {[%emt
00:00:02]} Rc8 {[%clk 01:04:33]} {[%emt 00:01:31]} 17. Bd2 {[%clk 00:36:37]}
{[%emt 00:00:10]} Nf5 {[%clk 01:03:42]} {[%emt 00:01:20]} 18. Bg4 {[%clk
00:36:16]} {[%emt 00:00:52]} Be7 {[%clk 00:57:21]} {[%emt 00:06:51]} 19. Kh1
{[%clk 00:34:55]} {[%emt 00:01:51]} Nc4 {[%clk 00:55:02]} {[%emt 00:02:49]} 20.
Nxc4 {[%clk 00:34:56]} {[%emt 00:00:30]} Qxc4 {[%clk 00:54:51]} {[%emt
00:00:40]} 21. Rg1 {[%clk 00:32:58]} {[%emt 00:02:28]} Nxd4 {[%clk 00:50:44]}
{[%emt 00:04:36]} 22. Nxd4 {[%clk 00:33:27]} {[%emt 00:00:02]} Qxd4 {[%clk
00:51:08]} {[%emt 00:00:05]} 23. cxd4 {[%clk 00:33:10]} {[%emt 00:00:47]} Rxc2
{[%clk 00:51:37]} {[%emt 00:00:02]} 24. Be3 {[%clk 00:33:39]} Rc3 {[%clk
00:46:27]} {[%emt 00:05:40]} 25. a4 {[%clk 00:33:15]} {[%emt 00:00:55]} O-O
{[%clk 00:40:32]} {[%emt 00:06:23]} 26. Bh6 {[%clk 00:30:53]} {[%emt 00:02:52]}
Rd8 {[%clk 00:25:15]} {[%emt 00:15:47]} 27. Be2 {[%clk 00:31:22]} {[%emt
00:00:01]} Bf8 {[%clk 00:24:23]} {[%emt 00:01:22]} 28. Bxg7 {[%clk 00:31:23]}
{[%emt 00:00:29]} Bxg7 {[%clk 00:24:52]} {[%emt 00:00:02]} 29. h6 {[%clk
00:31:47]} {[%emt 00:00:07]} Rh3 {[%clk 00:25:12]} {[%emt 00:00:09]} 30. Rxg7+
{[%clk 00:32:03]} {[%emt 00:00:14]} Kf8 {[%clk 00:25:34]} {[%emt 00:00:08]} 31.
Rh7 {[%clk 00:30:43]} {[%emt 00:01:50]} Kg8 {[%clk 00:25:38]} {[%emt 00:00:27]}
32. Rg7+ {[%clk 00:31:04]} {[%emt 00:00:08]} Kf8 {[%clk 00:26:07]} 33. Rag1
{[%clk 00:24:20]} {[%emt 00:07:15]} Rxh6 {[%clk 00:26:19]} {[%emt 00:00:18]} 34.
Rg8+ {[%clk 00:24:46]} {[%emt 00:00:05]} Ke7 {[%clk 00:26:46]} {[%emt
00:00:03]} 35. Rxd8 {[%clk 00:25:11]} {[%emt 00:00:05]} Kxd8 {[%clk 00:27:13]}
{[%emt 00:00:03]} 36. Rg8+ {[%clk 00:25:35]} {[%emt 00:00:06]} Ke7 {[%clk
00:20:35]} {[%emt 00:07:08]} 37. Ra8 {[%clk 00:25:41]} {[%emt 00:00:24]} a5
{[%clk 00:21:03]} {[%emt 00:00:02]} 38. Ra7 {[%clk 00:25:29]} {[%emt 00:00:42]}
Ke8 {[%clk 00:20:45]} {[%emt 00:00:48]} 39. Ra8+ {[%clk 00:24:08]} {[%emt
00:01:51]} Ke7 {[%clk 00:21:13]} {[%emt 00:00:02]} 40. Ra7 {[%clk 00:21:33]}
{[%emt 00:03:05]} Ke8 {[%clk 00:21:14]} {[%emt 00:00:28]} 41. Ra8+ {[%clk
00:21:43]} {[%emt 00:00:22]} 1/2-1/2

[Event "Pohár města Říčany 2018"]
[Site "Městské kulturní středisko U labutě"]
[Date "2019.08.28"]
[Round "6.2"]
[White "Stanek, Ondrej"]
[Black "Neuman, Petr"]
[Result "0-1"]
[WhiteElo "2047"]
[BlackElo "2392"]
[PlyCount "0"]
[EventDate "2019.08.24"]

1. e4 c5 2. Nf3 e6 3. c3 Nf6 4. e5 Nd5 5. d4 cxd4 6. cxd4 d6 7. Nc3 Nxc3
8. bxc3 Qc7 9. Qc2 Nd7 10. exd6 Bxd6 11. Bd3 b6 12. O-O Bb7 13. Be4 Rc8 14. Bxb7
Qxb7 15. Be3 O-O 16. Qb3 Rc7 17. Rfe1 Rfc8 18. Rec1 Qa6 19. d5 e5 20. Nd2 f5
21. f3 Qd3 22. c4 Qxe3+ 23. Qxe3 Bc5 24. Qxc5 Nxc5 25. Rc3 Kf7 26. Kf1 Kf6
27. Rac1 g5 28. h3 h5 29. Ke2 h4 30. Ra3 Ke7 31. Nb3 Nd7 32. Kd3 Kd6 33. Nd2 Re8
34. Rac3 Nc5+ 35. Ke3 Rce7 36. Kf2 e4 37. fxe4 Rxe4 38. Nxe4+ Nxe4+ 39. Kf3 Nxc3
40. Rxc3 Kc5 41. Re3 Rd8 42. Re7 Kxc4 43. Rxa7 Rxd5 44. Ra6 b5 45. Ke3 Rd3+
46. Ke2 Rg3 47. Kf2 b4 48. Rc6+ Kb5 49. Rc2 Ka4 50. Ke1 Ka3 51. Rf2 g4 52. hxg4
fxg4 53. Rd2 h3 54. gxh3 gxh3 55. Kf1 Rg2 56. Rd3+ Kxa2 57. Rxh3 Rd2 58. Ke1 Rd4
59. Rh2+ Ka3 0-1

[Event "Pohár města Říčany 2018"]
[Site "Městské kulturní středisko U labutě"]
[Date "2019.08.28"]
[Round "6.3"]
[White "Svetly, Jiri"]
[Black "Petr, Jakub"]
[Result "0-1"]
[WhiteElo "1871"]
[BlackElo "2307"]
[PlyCount "0"]
[EventDate "2019.08.24"]

1. d4 Nf6 2. c4 g6 3. Nc3 d5 4. cxd5 Nxd5 5. Bd2 Bg7 6. e4 Nxc3 7. Bxc3 c5
8. d5 Bxc3+ 9. bxc3 Qd6 10. Nf3 Bg4 11. Bb5+ Nd7 12. e5 Bxf3 13. Bxd7+ Qxd7
14. Qxf3 O-O 15. O-O b5 16. Rad1 Rab8 17. Rfe1 e6 18. dxe6 Qxe6 19. Qd5 Qxd5
20. Rxd5 Rfc8 21. Rd7 a5 22. g3 Rd8 23. Ra7 Ra8 24. Rc7 Rdc8 25. Rd7 Rc6 26. f4
b4 27. c4 a4 28. Red1 Rb6 29. Rc7 b3 30. a3 b2 31. Rb1 Rd8 32. Rxc5 Rd2 33. Rb5
Rxb5 34. cxb5 Rc2 0-1

[Event "Pohár města Říčany 2018"]
[Site "Městské kulturní středisko U labutě"]
[Date "2019.08.28"]
[Round "6.4"]
[White "Rut, Vojtech"]
[Black "Vojta, Jakub"]
[Result "0-1"]
[WhiteElo "2115"]
[BlackElo "2256"]
[PlyCount "0"]
[EventDate "2019.08.24"]

1. e4 Nf6 2. e5 Nd5 3. d4 d6 4. c4 Nb6 5. exd6 cxd6 6. Nc3 g6 7. Be3 Bg7 8. Rc1
O-O 9. Nf3 Nc6 10. c5 dxc5 11. dxc5 Nd7 12. Bb5 Nde5 13. Nxe5 Nxe5 14. O-O Be6
15. Qe2 a6 16. Bf4 axb5 17. Rfd1 Nd7 18. Nxb5 Rxa2 19. Nc7 Bf5 20. Rd2 e5 0-1

[Event "Pohár města Říčany 2018"]
[Site "Městské kulturní středisko U labutě"]
[Date "2019.08.28"]
[Round "6.5"]
[White "Dunder, Ondrej"]
[Black "Svatos, Jan"]
[Result "1-0"]
[WhiteElo "1717"]
[BlackElo "2232"]
[PlyCount "0"]
[EventDate "2019.08.24"]

1. Nf3 Nf6 2. d4 g6 3. e3 Bg7 4. Be2 O-O 5. O-O d5 6. b3 c5 7. Nbd2 Nc6 8. Bb2
Nd7 9. c4 Nb6 10. Rc1 cxd4 11. Nxd4 Nxd4 12. Bxd4 Bxd4 13. exd4 dxc4 14. Nxc4
Be6 15. Qd2 Rc8 16. Rfd1 Nd5 17. Bf3 Rc7 18. h3 Qb8 19. Ne3 Nxe3 20. Qxe3 Rfc8
21. Rxc7 Rxc7 22. d5 Bf5 23. g4 Bd7 24. Kg2 e6 25. Qe5 Qc8 26. Qf6 Qe8 27. d6
Rc2 28. Bxb7 Rxa2 29. Qe7 Rb2 30. Qxe8+ Bxe8 31. d7 Bxd7 32. Rxd7 Rxb3 33. Ba6
g5 34. Rxa7 Ra3 35. Ra8+ Kg7 36. Bb7 Rb3 37. Ra7 Rc3 38. Bf3 h6 39. Kg3 Kf6
40. Ra6 Kg7 41. Kg2 Kf6 42. Ra5 Kg7 43. Be4 Kf6 44. f3 Rb3 45. Kg3 Kg7 46. h4
Kf6 47. Ra8 Rc3 48. Rh8 1-0

[Event "Pohár města Říčany 2018"]
[Site "Městské kulturní středisko U labutě"]
[Date "2019.08.28"]
[Round "6.6"]
[White "Novotny, Martin"]
[Black "Hrbek, Tomas"]
[Result "1-0"]
[WhiteElo "2178"]
[BlackElo "1744"]
[PlyCount "0"]
[EventDate "2019.08.24"]

1. e4 e5 2. Nf3 Nf6 3. Nxe5 d6 4. Nxf7 Kxf7 5. Nc3 Nc6 6. d4 Be7 7. Bc4+ Kf8
8. O-O Qe8 9. f4 Qh5 10. Qd2 g6 11. e5 Ne8 12. Ne4 Bf5 13. Qe3 Kg7 14. Bd2 Bxe4
15. Qxe4 Qf5 16. Qd5 Rf8 17. Bd3 Qf7 18. Qe4 d5 19. Qe3 Nf6 20. exf6+ Bxf6
21. c3 Rae8 22. Qf3 Re7 23. Rae1 Rfe8 24. Rxe7 Rxe7 25. f5 g5 26. Qg4 h5 27. Qg3
Qe8 28. Bxg5 Bxg5 29. Qxg5+ Kh8 30. f6 Rf7 31. Qxh5+ Kg8 32. Bh7+ Rxh7 33. Qxe8#
1-0

[Event "Pohár města Říčany 2018"]
[Site "Městské kulturní středisko U labutě"]
[Date "2019.08.28"]
[Round "6.7"]
[White "Otruba, Marek"]
[Black "Zizka, Petr"]
[Result "0-1"]
[BlackElo "2081"]
[EventDate "2019.08.24"]
[PlyCount "0"]
[WhiteElo "2133"]

1. d4 Nf6 2. c4 e6 3. g3 d5 4. Nf3 b6 5. Bg2 Bb7 6. Ne5 Nbd7 7. Qa4 c5 8. Bg5
Be7 9. dxc5 bxc5 10. Nc3 O-O 11. Nxd7 Nxd7 12. Bxe7 Qxe7 13. cxd5 Nb6 14. Qg4
exd5 15. O-O d4 16. Bxb7 Qxb7 17. Nb1 Nd5 18. b3 Rfe8 19. Rd1 Qe7 20. Kf1 d3
21. e4 Ne3+  0-1

[Event "Pohár města Říčany 2018"]
[Site "Městské kulturní středisko U labutě"]
[Date "2019.08.28"]
[Round "6.8"]
[White "Postupa, Pavel"]
[Black "Rodshtein, Tereza"]
[Result "0-1"]
[WhiteElo "1940"]
[BlackElo "2208"]
[PlyCount "0"]
[EventDate "2019.08.24"]

1. e4 e5 2. Nf3 Nc6 3. Bb5 a6 4. Ba4 Nf6 5. O-O Nxe4 6. d4 b5 7. Bb3 d5 8. dxe5
Be6 9. c3 Bc5 10. Nbd2 O-O 11. Bc2 Nxf2 12. Rxf2 f6 13. exf6 Bxf2+ 14. Kxf2 Qxf6
15. Kg1 Bg4 16. h3 Bh5 17. Bb3 Rae8 18. Qf1 Ne5 19. Bd1 Rd8 20. a4 Qc6 21. axb5
axb5 22. Be2 Qb6+ 23. Kh1 c6 24. Qg1 Qxg1+ 25. Kxg1 Ng6 26. Bf1 Nf4 27. Kf2 Rf6
28. g4 Bg6 29. Nb3 Nd3+ 30. Bxd3 Bxd3 31. Bg5 Rf7 32. Kg3 h6 33. Bd2 Be4 34. Rf1
Rdf8 35. Nbd4 c5 36. Nf5 Bxf5 37. gxf5 Rxf5 38. Be3 c4 39. Rf2 g5 40. Nd4 Rxf2
41. Bxf2 Rb8 42. Nc6 Ra8 43. Bc5 Kf7 44. Nd4 Ra2 45. Nxb5 Rxb2 46. Nc7 Rb7
47. Na6 Ke6 48. Kg4 Ke5 49. Nb4 Ke4 50. Kh5 Rf7 51. Kxh6 Rf3 52. Bd4 Kf5
53. Nxd5 Rxh3+ 54. Kg7 Ke4 55. Nf6+ Kf3 56. Nh7 Kf4 57. Kg6 g4 58. Ng5 Rd3
59. Ne6+ Kf3 60. Kf5 g3 61. Ng5+ Ke2 62. Kg4 g2 63. Nh3 Rxd4+ 0-1

[Event "Pohár města Říčany 2018"]
[Site "Městské kulturní středisko U labutě"]
[Date "2019.08.28"]
[Round "6.9"]
[White "Cermak, Jan"]
[Black "Zvolensky, David"]
[Result "1/2-1/2"]
[WhiteElo "1912"]
[BlackElo "2152"]
[PlyCount "0"]
[EventDate "2019.08.24"]

1. e4 e5 2. Nf3 Nc6 3. Bb5 a6 4. Ba4 Nf6 5. d3 b5 6. Bb3 Be7 7. O-O d6 8. c3
O-O 9. Re1 Bb7 10. Nbd2 Nb8 11. d4 Nbd7 12. Bc2 Re8 13. Nf1 Bf8 14. Ng3 g6
15. a4 c5 16. dxe5 dxe5 17. Qe2 c4 18. Be3 Nc5 19. Bxc5 Bxc5 20. axb5 axb5
21. b4 Bb6 22. h3 Qe7 23. Nh2 h5 24. Kh1 Nh7 25. f3 Qg5 26. Nhf1 Nf8 27. Qd2
Qxd2 28. Nxd2 Ne6 29. Ngf1 Nf4 30. Kh2 Rxa1 31. Rxa1 Ne2 32. Ra3 h4 33. Bd1 Nf4
34. Nb1 Rb8 35. Bc2 Ne2 36. g3 hxg3+ 37. Nxg3 Nf4 38. Nh1 Kg7 39. Kg3 Rh8
40. Nf2 Bxf2+ 41. Kxf2 Rxh3 42. Ke3 Rh2 43. Bd1 Nd3 44. Ra7 Bc6 45. Rc7 Be8
46. Rc8 Kf8 47. Na3 Ke7 48. Rb8 Nb2 49. Be2 Na4 50. Kd2 Nxc3 51. Kxc3 Rxe2
52. Nxb5 Re3+ 53. Kxc4 Rxf3 54. Nc7 Bc6 55. Nd5+ Bxd5+ 56. Kxd5 Rd3+ 57. Kxe5
f6+ 58. Kf4 g5+ 59. Kf5 Rf3+ 60. Kg6 g4 61. Kh5 g3 62. Rg8 Re3 63. Rg4 Ke6
64. Kh4 Ke5 65. Rxg3 Rxe4+ 66. Rg4 f5 67. Rxe4+ fxe4 68. Kg3 Kd4 69. Kf2 Kd3
70. Ke1 Kc4 71. Ke2 Kxb4 72. Ke3 Kc4 1/2-1/2

[Event "Pohár města Říčany 2018"]
[Site "Městské kulturní středisko U labutě"]
[Date "2019.08.28"]
[Round "6.10"]
[White "Elias, Jakub"]
[Black "Hadzala, Daniel"]
[Result "1/2-1/2"]
[WhiteElo "1836"]
[BlackElo "2047"]
[PlyCount "0"]
[EventDate "2019.08.24"]

1. e4 e6 2. d4 d5 3. Nc3 Nf6 4. e5 Nfd7 5. f4 c5 6. Nf3 Nc6 7. Be3 Qb6 8. a3
Qc7 9. Qd2 a6 10. Qf2 cxd4 11. Nxd4 g6 12. Bd3 Bg7 13. O-O b5 14. Nxc6 Qxc6
15. Ne2 Nc5 16. Nd4 1/2-1/2

[Event "Pohár města Říčany 2018"]
[Site "Městské kulturní středisko U labutě"]
[Date "2019.08.28"]
[Round "6.11"]
[White "Groh, Jiri"]
[Black "Maly, Filip"]
[Result "1-0"]
[WhiteElo "2001"]
[BlackElo "1941"]
[PlyCount "0"]
[EventDate "2019.08.24"]

1. Nf3 Nf6 2. c4 g6 3. Nc3 Bg7 4. e3 d6 5. Be2 O-O 6. O-O Nc6 7. d4 e5 8. d5
Ne7 9. e4 Nd7 10. Be3 f5 11. Ng5 Nf6 12. exf5 Nxf5 13. Qd2 Nd4 14. Bxd4 exd4
15. Qxd4 Ng4 16. Qd2 Be5 17. f4 Bg7 18. Ne6 Bxe6 19. dxe6 Nxh2 20. Kxh2 Qh4+
21. Kg1 c5 22. e7 Rf7 23. Ne4 Bd4+ 24. Rf2 Rxf4 25. Bd3 1-0

[Event "Pohár města Říčany 2018"]
[Site "Městské kulturní středisko U labutě"]
[Date "2019.08.28"]
[Round "6.12"]
[White "Reljic, Michael"]
[Black "Vavrinec, Tomas"]
[Result "1-0"]
[WhiteElo "1890"]
[BlackElo "1994"]
[PlyCount "0"]
[EventDate "2019.08.24"]

1. e4 e6 2. d4 d5 3. exd5 exd5 4. c4 Bb4+ 5. Nc3 Nf6 6. Bd3 O-O 7. Ne2 Bg4
8. O-O dxc4 9. Bxc4 Nc6 10. a3 Be7 11. h3 Bh5 12. Bf4 a6 13. d5 Nb8 14. Ba2 Bd6
15. Qb3 Bxe2 16. Nxe2 Bxf4 17. Nxf4 b6 18. Rac1 Qd6 19. Ne2 Nbd7 20. Nd4 g6
21. Rc6 Qf4 22. Nf3 Ne8 23. Re1 Nc5 24. Qc2 Nb7 25. Ne5 Rd8 26. Re3 Nbd6 27. Qe2
a5 28. Bb1 Qd4 29. Ba2 Qf4 30. Nd3 Qd4 31. Ne5 Qf4 32. g3 Qh6 33. Kh2 Qg7
34. Qg4 Nf5 35. Re1 Ne7 36. Rc2 Nxd5 37. Qf3 Ndf6 38. Nxf7 Rxf7 39. Re7 Nd6
40. Rcxc7 Rf8 41. Qc6 Nfe8 42. Bxf7+ Rxf7 43. Rxf7 Qxb2 44. Qd5 Nxc7 45. Rxc7+
Kh8 1-0

[Event "Pohár města Říčany 2018"]
[Site "Městské kulturní středisko U labutě"]
[Date "2019.08.28"]
[Round "6.13"]
[White "Stepanek, Svatopluk"]
[Black "Vilimova, Julie"]
[Result "1/2-1/2"]
[WhiteElo "1822"]
[BlackElo "1953"]
[PlyCount "0"]
[EventDate "2019.08.24"]

1. d4 d5 2. Nc3 e6 3. e4 Bb4 4. e5 Ne7 5. a3 Ba5 6. b4 Bb6 7. Na4 O-O 8. Nc5 a5
9. c3 axb4 10. cxb4 Nbc6 11. Bb2 Bxc5 12. dxc5 Ng6 13. Nf3 d4 14. Bb5 Ncxe5
15. Nxe5 Nxe5 16. Qxd4 Qxd4 17. Bxd4 Ng6 18. O-O e5 19. Bb2 Be6 20. Rfe1 f6
21. Rad1 c6 22. Bd3 Nf4 23. Bc2 Rfd8 24. g3 Rxd1 25. Rxd1 Ne2+ 26. Kf1 Nd4
1/2-1/2

[Event "Pohár města Říčany 2018"]
[Site "Městské kulturní středisko U labutě"]
[Date "2019.08.28"]
[Round "6.14"]
[White "Vystrcil, Martin"]
[Black "Steiner, Juraj"]
[Result "1-0"]
[WhiteElo "2106"]
[BlackElo "1920"]
[PlyCount "0"]
[EventDate "2019.08.24"]

1. e4 c5 2. Nf3 d6 3. d4 cxd4 4. Nxd4 Nf6 5. Nc3 e6 6. Be2 Be7 7. O-O a6 8. f4
O-O 9. Be3 Nc6 10. Qe1 Nxd4 11. Bxd4 b5 12. a3 Bb7 13. Bd3 Rc8 14. Qg3 g6
15. Rae1 Re8 16. f5 e5 17. Be3 Rxc3 18. bxc3 d5 19. fxg6 hxg6 20. Qxe5 dxe4
21. Bd4 exd3 22. Rxf6 Bxf6 23. Qxe8+ Qxe8 24. Rxe8+ Kh7 1-0

[Event "Pohár města Říčany 2018"]
[Site "Městské kulturní středisko U labutě"]
[Date "2019.08.28"]
[Round "6.15"]
[White "Petras, Milan"]
[Black "Lhotsky, Frantisek"]
[Result "1/2-1/2"]
[WhiteElo "1981"]
[BlackElo "1865"]
[PlyCount "0"]
[EventDate "2019.08.24"]

1. e4 e5 2. Nf3 Nc6 3. Nc3 Nf6 4. d4 exd4 5. Nxd4 Bb4 6. Nxc6 bxc6 7. Bd3 O-O
8. O-O d5 9. exd5 Bg4 10. f3 Bh5 11. Na4 cxd5 12. c3 Bd6 13. Be2 Re8 14. Qd2 c6
15. Re1 1/2-1/2

[Event "Pohár města Říčany 2018"]
[Site "Městské kulturní středisko U labutě"]
[Date "2019.08.28"]
[Round "6.16"]
[White "Cervenka, Petr"]
[Black "Vlkova, Anezka"]
[Result "0-1"]
[WhiteElo "1850"]
[BlackElo "1973"]
[PlyCount "0"]
[EventDate "2019.08.24"]

1. e4 e6 2. g3 d5 3. Bg2 c5 4. d3 Nf6 5. e5 Nfd7 6. f4 Nc6 7. Nc3 Be7 8. Nf3
O-O 9. Bd2 f6 10. Bh3 Nb6 11. Qe2 f5 12. Ng5 d4 13. Nb5 a6 14. Qh5 Bxg5 15. fxg5
g6 16. Qe2 axb5 17. Bg2 Nd7 18. Bxc6 bxc6 19. h4 Kg7 20. h5 Rh8 21. g4 Nb6
22. gxf5 exf5 23. hxg6 hxg6 24. Kf2 Be6 25. Rh6 Qd5 26. a3 c4 27. Rg1 cxd3
28. Qxd3 Nc4 29. Bf4 Nxe5 30. Qe2 Nf7 31. Re1 Nxh6 32. Be5+ Kf7 33. gxh6 Rxh6
34. Qd2 Rah8 35. Qg5 Rh2+ 36. Kg3 R8h3+ 37. Kf4 Rf3# 0-1

[Event "Pohár města Říčany 2018"]
[Site "Městské kulturní středisko U labutě"]
[Date "2019.08.28"]
[Round "6.17"]
[White "Hejsek, Lukas"]
[Black "Nemecek, Pavel"]
[Result "1/2-1/2"]
[WhiteElo "1948"]
[BlackElo "1801"]
[PlyCount "0"]
[EventDate "2019.08.24"]

1. d4 Nf6 2. Nf3 g6 3. g3 Bg7 4. Bg2 d6 5. O-O O-O 6. c4 Nc6 7. d5 Na5 8. Nfd2
c5 9. Nc3 Nd7 10. Qc2 a6 11. a4 Rb8 12. Rb1 Ne5 13. b3 Bd7 14. h3 f5 15. f4 Nf7
16. Nf3 b5 17. axb5 axb5 18. cxb5 Bxb5 19. b4 cxb4 20. Nxb5 Rxb5 21. Qd3 Rc5
22. Rxb4 Rc3 23. Qd1 Qc7 24. Ra4 Rc8 25. Bd2 Rc5 26. Bb4 Nc4 27. Bxc5 Qxc5+
28. Kh2 Ne3 29. Qd3 Nxf1+ 30. Bxf1 Qf2+ 31. Bg2 h6 32. Rc4 Rc5 33. Rxc5 dxc5
34. e3 Nd6 35. Qd2 Ne4 36. Qxf2 Nxf2 37. Nd2 Nd1 1/2-1/2

[Event "Pohár města Říčany 2018"]
[Site "Městské kulturní středisko U labutě"]
[Date "2019.08.28"]
[Round "6.18"]
[White "Nemecek, Lukas"]
[Black "Voracek, Zdenek"]
[Result "1/2-1/2"]
[WhiteElo "1778"]
[BlackElo "1938"]
[PlyCount "0"]
[EventDate "2019.08.24"]

1. e4 Nf6 2. Nc3 d5 3. exd5 Nxd5 4. Bc4 e6 5. Nf3 Nxc3 6. bxc3 Nd7 7. d4 c5
8. O-O Be7 9. Qe2 O-O 10. Re1 Nb6 11. Bf4 Nxc4 12. Qxc4 Bd7 13. Ne5 Rc8 14. Rad1
Bf6 15. dxc5 Bxe5 16. Bxe5 f6 17. Bg3 Rc6 18. Qa4 a6 19. Qb3 Qc8 20. Bd6 Re8
21. Rd2 Kh8 22. Rd3 e5 23. Rb1 Be6 24. Qxb7 Bxa2 25. Qxc8 Rexc8 26. Rb7 Ra8
27. Rg3 g6 28. Rf3 Bd5 29. Rh3 h5 30. Rb6 a5 31. c4 Rxb6 32. cxb6 Bc6 33. Ra3
Kg7 34. Kf1 Kf7 35. c5 a4 36. Ke2 Ke6 37. c4 Kd7 38. f3 Kc8 39. Kd2 Kb7 40. Kc3
Re8 41. Kb4 g5 42. Re3 Ra8 1/2-1/2

[Event "Pohár města Říčany 2018"]
[Site "Městské kulturní středisko U labutě"]
[Date "2019.08.28"]
[Round "6.19"]
[White "Toulec, Stanislav"]
[Black "Matys, Jakub"]
[Result "1/2-1/2"]
[WhiteElo "1930"]
[BlackElo "1772"]
[PlyCount "0"]
[EventDate "2019.08.24"]

1. e4 c5 2. Nf3 d6 3. Nc3 Nf6 4. g3 Nc6 5. Bg2 Bg4 6. h3 Bd7 7. d4 cxd4 8. Nxd4
g6 9. Be3 Bg7 10. Qd2 h5 11. f4 Na5 12. b3 Rc8 13. Rd1 Qc7 14. Nd5 Nxd5 15. exd5
Qc3 16. O-O Qxd2 17. Rxd2 Rc3 18. Bf2 b6 19. Ne2 Rc7 20. Bd4 O-O 21. Bxg7 Kxg7
22. Rf2 Rfc8 23. Nd4 Rc3 24. Kh2 Kf6 25. Rf3 Rxf3 26. Bxf3 Rc3 27. Be4 Nb7
28. Rd3 Rxd3 29. Bxd3 Nc5 30. Bb5 Bxb5 31. Nxb5 a6 32. Nc3 e5 33. dxe6 Kxe6
34. b4 Nd7 35. Kg2 d5 36. Nd1 d4 37. c4 dxc3 38. Nxc3 a5 39. a3 axb4 40. axb4
Nf6 41. Kf3 Nd5 42. Na2 f5 43. h4 1/2-1/2

[Event "Pohár města Říčany 2018"]
[Site "Městské kulturní středisko U labutě"]
[Date "2019.08.28"]
[Round "6.20"]
[White "Stork, Rostislav"]
[Black "Tejkal, Jiri"]
[Result "1/2-1/2"]
[BlackElo "1881"]
[EventDate "2019.08.24"]
[PlyCount "0"]
[WhiteElo "1724"]

1. e4 c6 2. d4 d5 3. e5 c5 4. dxc5 Qa5+ 5. Nd2 Nc6 6. c3 Nxe5 7. Nb3 Qd8 8. Bb5+
Nc6 9. Nf3 e6 10. Ne5 Bd7 11. Nxd7 Qxd7 12. O-O a6 13. Ba4 Nf6 14. Be3 Be7 15.
Nd4 O-O 16. b4 Qc7 17. Nxc6 bxc6 18. Qd3 Nd7 19. Bc2 g6 20. Bh6 Rfe8 21. Rfe1
e5 22. Qg3 Bf6 23. h4 Qd8 24. h5 e4 25. hxg6 fxg6 26. Rad1 Be5 27. Qh3 Qe7 28.
Bb3 Kh8 29. a4 Ra7 30. Qe3  1/2-1/2

[Event "Pohár města Říčany 2018"]
[Site "Městské kulturní středisko U labutě"]
[Date "2019.08.28"]
[Round "6.21"]
[White "Dubnicka, Augustin"]
[Black "Holub, Milan"]
[Result "1/2-1/2"]
[WhiteElo "1734"]
[BlackElo "1988"]
[PlyCount "0"]
[EventDate "2019.08.24"]

1. d4 Nf6 2. c4 e6 3. Nc3 b6 4. Bg5 h6 5. Bh4 Bb7 6. e3 Be7 7. Nf3 O-O 8. Bd3
d5 9. Rc1 Nbd7 10. O-O c5 11. Bg3 Ne4 12. cxd5 exd5 13. Qe2 Nxg3 14. hxg3 Nf6
15. Rfd1 c4 16. Bb1 a6 17. Ne5 b5 18. Qc2 Ne4 19. Nxe4 dxe4 20. d5 f5 21. g4 Bd6
22. Ng6 Rf6 23. gxf5 Rxf5 24. Qxe4 Bc8 25. Nh4 Rf8 26. Qh7+ Kf7 27. Qg6+ Kg8
28. Nf5 Bxf5 29. Bxf5 Qf6 30. Qxf6 Rxf6 31. Be6+ Kf8 32. Rc2 Ke7 33. b3 cxb3
34. axb3 Rff8 35. Bg4 Rfb8 36. Rdc1 a5 37. g3 a4 38. bxa4 bxa4 39. Ra2 a3
40. Bf5 Kf6 41. Bd3 Ke5 42. Kg2 Kxd5 1/2-1/2

[Event "Pohár města Říčany 2018"]
[Site "Městské kulturní středisko U labutě"]
[Date "2019.08.28"]
[Round "6.22"]
[White "Ocelak, Jakub"]
[Black "Krizek, Krystof"]
[Result "0-1"]
[WhiteElo "1781"]
[BlackElo "1984"]
[PlyCount "0"]
[EventDate "2019.08.24"]

1. e4 e5 2. Bc4 Nf6 3. d3 Nc6 4. Nf3 Be7 5. Nc3 d6 6. h3 a6 7. Bg5 Na5 8. Bb3
h6 9. Bxf6 Bxf6 10. Qd2 Nxb3 11. axb3 Be6 12. O-O O-O 13. Ne2 c5 14. Ra5 b6
15. Ra3 Be7 16. g4 h5 17. Nh2 d5 18. exd5 Bxd5 19. Ra4 Bc6 20. Raa1 Qd5 21. f3
f5 22. gxh5 e4 23. Nc3 Qd4+ 24. Qf2 e3 25. Qe2 Bd6 26. Rae1 Bg3 27. Rb1 Rae8
28. Kh1 Qf4 29. h6 Bxh2 30. hxg7 Rf7 31. Qxh2 Bxf3+ 32. Rxf3 Qxf3+ 33. Qg2 Qxg2+
34. Kxg2 Rxg7+ 35. Kf3 Rh7 36. Rh1 Re5 37. Ne2 Kf7 38. Kf4 Kf6 39. h4 Rg7
40. Kf3 Re8 41. Nf4 Rd7 42. Re1 Re5 43. Re2 Rh7 44. h5 Rh6 45. Rxe3 Rxe3+
46. Kxe3 Kg5 47. Kf3 Rd6 48. Ke3 Kg4 49. c4 a5 50. Nd5 Re6+ 51. Kf2 f4 52. Nc3
Rd6 53. Nd5 Rh6 54. Kg2 Kg5 55. Kf3 Rxh5 56. Nxf4 Rh2 57. Ng2 Kf5 58. Ne3+ Ke6
59. Ng2 Ke5 60. Kg3 Rxg2+ 61. Kxg2 Kd4 62. Kf3 Kxd3 63. Kf4 Kc2 64. Ke5 Kxb3
65. Kd5 Kxb2 66. Kc6 a4 67. Kxb6 a3 68. Kxc5 a2 69. Kb6 a1=Q 70. c5 Qg1 0-1